Análisis del riesgo de inundación para la cuenca urbana del río Damas en el cantón de Desamparados
Guardado en:
| Autor principal: | |
|---|---|
| Formato: | Libro |
| Lenguaje: | Spanish |
| Publicado: |
[San José], Costa Rica
2014
|
| Materias: | |
| Etiquetas: |
Agregar Etiqueta
Sin Etiquetas, Sea el primero en etiquetar este registro!
|
MARC
| LEADER | 00000nam a22000007a 4500 | ||
|---|---|---|---|
| 003 | 011912 | ||
| 005 | 20221231143901.0 | ||
| 008 | 150316b2014 cr ab||| |||| 00| 0 spa d | ||
| 040 | |c cru CEDI | ||
| 090 | |a TFG 7078 | ||
| 100 | |9 474 |a Mora Apuy, José Pablo | ||
| 245 | |a Análisis del riesgo de inundación para la cuenca urbana del río Damas en el cantón de Desamparados | ||
| 260 | |a [San José], Costa Rica |c 2014 | ||
| 500 | |a Proyecto de graduación (licenciatura en ingeniería civil)--Universidad de Costa Rica. Facultad de Ingeniería. Escuela de Ingeniería Civil | ||
| 650 | |x CUENCA DEL RIO DAMAS (COSTA RICA) - INUNDACIONES |x GEOMORFOLOGIA - DESAMPARADOS (SAN JOSE, COSTA RICA) |x CONTROL DE INUNDACIONES |x ESCORRENTIA URBANA |x PERCEPCION DE RIESGOS |x HIDROLOGIA URBANA |x MODELOS HIDRAULICOS |x SISTEMAS DE INFORMACION GEOGRAFICA |9 475 | ||
| 942 | |c TFG | ||
| 999 | |c 13707 |d 13707 | ||
